000 00385nam a2200133Ia 4500
008 210210b1978 xxu||||| |||| 00| 0 eng d
082 _a346.016 QURM
100 _aQURESHI (M A).
245 _aMarriage and matrimonial remedies: a uniform civil code for India.
260 _aDelhi
_bConcept Publishing Company.
_c1978
300 _axxxii,484
690 _aMarriage Law
906 _a034474
999 _c85282
_d85282